| 000 | 01561cam a2200397 i 4500 | ||
|---|---|---|---|
| 003 | EG-GICUC | ||
| 005 | 20260331101836.0 | ||
| 008 | 050504s2005 enk frb 001 0 eng d | ||
| 020 |
_a0199265402 _qhbk. |
||
| 020 |
_a9780199265404 _q(hbk.) |
||
| 040 |
_aUKM _cUKM _dC#P _dDLC _dEG-GICUC _beng _erda |
||
| 043 | _ae-uk--- | ||
| 050 | 0 | 0 |
_aK2390 _b.T84 2005 |
| 082 | 0 | 4 |
_a347.224 _221 |
| 092 | 0 | 4 | _221 |
| 099 | _aLaw 12 2005 | ||
| 100 | 1 | _aTweeddale, Andrew. | |
| 245 | 1 | 0 |
_aArbitration of commercial disputes : _binternational and English law and practice / _cAndrew Tweeddale, Keren Tweeddale. |
| 264 |
_aOxford ; _aNew York : _bOxford University Press, _c2005. |
||
| 300 |
_acxiv, 1190 pages ; _c26 cm. |
||
| 336 |
_atext _2rdacontent |
||
| 337 |
_aComputer _2rdamedia |
||
| 338 |
_aOnline Resource _2rdacarrier |
||
| 504 | _aIncludes bibliographical references (p. 1137-1140) and index. | ||
| 650 | 0 | _aDispute resolution (Law) | |
| 650 | 0 |
_aDispute resolution (Law) _zGreat Britain. |
|
| 650 | 0 | _aArbitration and award. | |
| 650 | 0 |
_aArbitration and award _zGreat Britain. |
|
| 700 | 1 | _aTweeddale, Keren. | |
| 856 | 4 | 2 | _uhttps://fll.law.cu.edu.eg/fulltext/bks/ENGB12-00112.pdf |
| 856 | 4 | 2 |
_3Publisher description _uhttp://www.loc.gov/catdir/enhancements/fy0640/2005275135-d.html |
| 856 | 4 | 1 |
_3Table of contents only _uhttp://www.loc.gov/catdir/enhancements/fy0640/2005275135-t.html |
| 856 | 4 | 2 |
_3Contributor biographical information _uhttp://www.loc.gov/catdir/enhancements/fy0726/2005275135-b.html |
| 905 | _a10 | ||
| 942 |
_2ddc _cBK _e21 _n0 |
||
| 999 |
_c67765 _d67765 |
||